000 00951cam a22003017a 4500
003 CHAP
005 20220329134101.0
008 971013s1968 r 00010 d
010 _a15153
011 _a16125
035 _a20203
040 _cCHAP
082 _a631.46
_bG6
100 0 0 _aGray, T. R. G.
_eed.
_950510
245 1 4 _aThe ecology of soil bacteria; an international symposium
260 _aAylesbury, Bucks :
_bUniversity of Toronto,
_c1968
300 _a681 p.
_b: ilus
590 _aBATCH-UPD
_b10
_c20130110
_lUCH01
_h1708
590 _aBATCH-UPD
_b10
_c20130410
_lUCH01
_h1055
590 _aBATCH-UPD
_b10
_c20130914
_lUCH01
_h0520
590 _aCONVERSION
_b10
_c20130109
_lUCH01
_h1310
650 1 4 _aBacterias nitrificantes.
_99327
650 1 4 _aSuelos
_xMicrobiologĂ­a.
_9110434
700 0 _aParkinson, D.
_985629
901 _aBK
942 _cLIBRO
949 _a631.46 G6
_bBC
_cLIBRO
_d33724000076923
_eLIBRO
_h38627
_i20203
_si
_t500.00
999 _c15153
_d15153